Bases / (Registro nro. 21486)
[ vista simple ]
| 000 -LEADER | |
|---|---|
| fixed length control field | 01476nam a22003135i 4500 |
| 003 - CONTROL NUMBER IDENTIFIER | |
| control field | CO-CtgCURN |
| 005 - DATE AND TIME OF LATEST TRANSACTION | |
| control field | 20260305230204.0 |
| 008 - FIXED-LENGTH DATA ELEMENTS--GENERAL INFORMATION | |
| fixed length control field | 180512s2018 sp 000 0 spa d |
| 020 ## - INTERNATIONAL STANDARD BOOK NUMBER | |
| International Standard Book Number | 9788491133377 |
| 040 ## - CATALOGING SOURCE | |
| Original cataloging agency | CO-CtgCURN |
| Language of cataloging | spa |
| Transcribing agency | coctgcurn |
| 082 04 - DEWEY DECIMAL CLASSIFICATION NUMBER | |
| Classification number | 610.7367 |
| Item number | B327 |
| 100 1# - MAIN ENTRY--PERSONAL NAME | |
| Personal name | Baston, Helen, |
| Dates associated with a name | 1962- |
| 245 10 - TITLE STATEMENT | |
| Title | Bases / |
| Statement of responsibility, etc. | Helen Baston, Jenny Hall. |
| 250 ## - EDITION STATEMENT | |
| Edition statement | Segunda edición. |
| 260 ## - PUBLICATION, DISTRIBUTION, ETC. | |
| Place of publication, distribution, etc. | Barcelona : |
| Name of publisher, distributor, etc. | Elsevier, |
| Date of publication, distribution, etc. | 2018. |
| 300 ## - PHYSICAL DESCRIPTION | |
| Extent | VIII, 250 páginas. |
| 490 1# - SERIES STATEMENT | |
| Series statement | Guías de enfermería obstétrica y materno-infantil ; |
| Volume/sequential designation | 1 |
| 500 ## - GENERAL NOTE | |
| General note | índice alfabético |
| 505 ## - FORMATTED CONTENTS NOTE | |
| Formatted contents note | 1. Introducción. 2. Comunicación. 3. Higiene y control de la infección: mujeres con problemas de movilidad. 4. Medición de la presión arterial. 5. Medición de la temperatura. 6. Pulso y respiración. 7. Recogida de muestras. 8. Análisis de orina. 9. Venopunción. 10. Análisis de sangre en el neonato. 11. Administración de medicamentos. 12. Administración de inyecciones. 13. Atención quirúrgica |
| 590 ## - LOCAL NOTE (RLIN) | |
| Local note | Cuidado de Enfermería materno infantil y familia (Enfermaría) |
| 650 #4 - SUBJECT ADDED ENTRY--TOPICAL TERM | |
| Topical term or geographic name entry element | Enfermería materno infantil. |
| 650 #4 - SUBJECT ADDED ENTRY--TOPICAL TERM | |
| Topical term or geographic name entry element | Enfermería |
| General subdivision | Obstetricia. |
| 650 #4 - SUBJECT ADDED ENTRY--TOPICAL TERM | |
| Topical term or geographic name entry element | Enfermería |
| General subdivision | Tratados |
| 650 #4 - SUBJECT ADDED ENTRY--TOPICAL TERM | |
| Topical term or geographic name entry element | Enfermería |
| General subdivision | Manuales |
| 700 1# - ADDED ENTRY--PERSONAL NAME | |
| Personal name | Hall, Jenny, |
| Dates associated with a name | 1959- |
| 942 ## - ADDED ENTRY ELEMENTS (KOHA) | |
| Institution code [OBSOLETE] | BK |
| Koha item type | Libros |
| Classification part | 610.7367 |
| Item part | B327 |
| Source of classification or shelving scheme | Dewey Decimal Classification |
| Suppress in OPAC | No |
| Withdrawn status | Lost status | Source of classification or shelving scheme | Damaged status | Not for loan | Collection | Home library | Current library | Shelving location | Date acquired | Inventory number | Total checkouts | Full call number | Barcode | Date last seen | Copy number | Price effective from | Koha item type | Public note |
|---|---|---|---|---|---|---|---|---|---|---|---|---|---|---|---|---|---|---|
| Dewey Decimal Classification | General | Miguel Henríquez Emiliani | Miguel Henríquez Emiliani | General | 01/30/2020 | 023178 | 610.7367 B327 | 023178 | 03/29/2025 | ej.1 | 03/29/2025 | Libros | 610-CIENMED | |||||
| Dewey Decimal Classification | General | Miguel Henríquez Emiliani | Miguel Henríquez Emiliani | General | 01/30/2020 | 023179 | 610.7367 B327 | 023179 | 03/29/2025 | ej.2 | 03/29/2025 | Libros | 610-CIENMED |